Inquest Touching the Death of Awaab Ishak (Record no. 121387)

MARC details
000 -LEADER
fixed length control field 00841nas a22001817a 4500
007 - PHYSICAL DESCRIPTION FIXED FIELD--GENERAL INFORMATION
fixed length control field ta
008 - FIXED-LENGTH DATA ELEMENTS--GENERAL INFORMATION
fixed length control field 230303s2022 xxk||||| ||||l00| 0 eng d
041 ## - LANGUAGE CODE
Language code of text/sound track or separate title eng
245 ## - TITLE STATEMENT
Title Inquest Touching the Death of Awaab Ishak
Subtitle findings and conclusions
260 ## - PUBLICATION INFORMATION
Publisher North Manchester Coronor's Court
Date 15 November 2022
520 ## - ABSTRACT
Abstract Inquest into the death of two-year-old Awaab Ishak which concluded he died from a respiratory condition caused by long-term exposure to mould.
650 ## - KEYWORDS
Keywords SOCIAL HOUSING
650 ## - KEYWORDS
Keywords MOULD
650 ## - KEYWORDS
Keywords BUILDING DEFECTS
651 ## - SUBJECT ADDED ENTRY--GEOGRAPHIC NAME
Geographic name United Kingdom
700 ## - ADDED PERSONAL NAME
Added personal author Kearsley, Joanne
856 ## - ONLINE RESOURCE
Uniform Resource Identifier https://view.officeapps.live.com/op/view.aspx?src=https%3A%2F%2Fnearlylegal.wpenginepowered.com%2Fwp-content%2Fuploads%2F2022%2F11%2FHMC-RULING-download-from-170443.docx&wdOrigin=BROWSELINK
Public note Inquest findings online here
Holdings
Withdrawn status Lost status Damaged status Not for loan Home library Current library Shelving location Date acquired Total Checkouts Date last seen Price effective from Koha item type
        Virtual Virtual Online 03/03/2023   17/03/2023 03/03/2023 Online material